000 00724nam a2200217 i 4500
001 132619
003 ES-MaACL
005 20230906194220.0
007 t|
008 070214s1970 sp r ||||1| spa d
100 1 _aRondet, Henri.
_999509
245 1 0 _aVaticano II, el Concilio de la nueva era /
_cEnrique Rondet ; [versión... por el P. José Mª Llanos].
260 _aBilbao :
_bDesclée de Brouwer,
_c1970.
300 _a260 p. ;
_c20 cm.
490 1 _aNueva biblioteca de teología ;
_v12
611 2 4 _aConcilio Vaticano (
_n2º.
_d1962-1965)
_9122
700 1 _aLlanos, José María de.
_972709
830 1 _aNueva biblioteca de teología ;
_v12
_9181370
852 _aES-MaACL
_jC-39792
999 _c132619
_d132619